[Event "Niederbayernliga 0203"]
[Site "Germany"]
[Date "2003.??.??"]
[Round "8.2"]
[White "Feichtinger, Hans"]
[Black "Becher, Johann"]
[Result "1/2-1/2"]
[WhiteElo "1878"]
[BlackElo "1932"]
[PlyCount "54"]
[EventDate "2002.??.??"]
[EventType "team"]
[EventRounds "9"]
[EventCountry "GER"]
[SourceTitle "EXT 2008"]
[Source "ChessBase"]
[SourceDate "2007.11.25"]
[SourceVersion "1"]
[SourceVersionDate "2007.11.25"]
[SourceQuality "1"]
[WhiteTeam "Deggendorf II"]
[BlackTeam "Ergolding"]
[WhiteTeamCountry "GER"]
[BlackTeamCountry "GER"]

1. d4 Nf6 2. c4 e6 3. Nc3 Bb4 4. Bg5 h6 5. Bh4 c5 6. d5 b5 7. e3 bxc4 8. dxe6 fxe6 9. Bxc4 0-0 10. Nge2 d5 11. Bd3 Nc6 12. 0-0 Ne5 13. Bc2 Ba6 14. a3 Ba5 15. Bg3 Bc7 16. Re1 Rb8 17. Nf4 Qd7 18. Rb1 g5 19. Nh5 Neg4 20. Nxf6+ Nxf6 21. Ne2 e5 22. Ba4 Qf7 23. Qc2 e4 24. Red1 Bxg3 25. Nxg3 Bd3 26. Rxd3 exd3 27. Qxd3 Ng4 1/2-1/2